000 01227cam a22002295a 4500
001 L148504
008 090928s2009 xxkao f 000 0 eng d
035 _a(Sirsi) u148504
041 0 _aeng
050 0 4 _a329.03 $2 18
110 2 _aRoyal Institution of Chartered Surveyors
_94900
245 0 0 _aRICS Manifesto 2009-10
_h[electronic resource]
260 _aCoventry
_bRICS
_c2009
520 _aHighlights RICS' Manifesto. Presents RICS' current policy priorities and the help it can provide to the Government. Policy priorities are identified as: housing; commercial and residential property matters; green buildings; rural economy; public sector construction; planning; skills; land use; and infrastructure. The key themes are standards, professionalism and sustainability in land, property, construction and in the built environment.
521 _aAdvanced
590 _aKA
650 2 4 _aRICS MANIFESTO
651 4 _aUnited Kingdom
_y
690 _aABOUT RICS-RICS STRUCTURE AND GOVERNANCE-RICS DEPARTMENTS-RICS BRAND AND MEMBERSHIP SERVICES-RICS PUBLIC POLICY AND RESEARCH
856 4 0 _uhttps://www.rics.org/site/scripts/news_article.aspx?newsID=833
_zView the item free of charge at www.rics.org...
942 _n0
999 _c110073
_d110073